Entre la espada y la tv: autobiografía
Sábháilte in:
| Príomhchruthaitheoirí: | , |
|---|---|
| Formáid: | LEABHAR |
| Teanga: | Spáinnis |
| Foilsithe / Cruthaithe: |
Ciudad de México
Grijalbo
2001
|
| Ábhair: | |
| Clibeanna: |
Cuir clib leis
Níl clibeanna ann, Bí ar an gcéad duine le clib a chur leis an taifead seo!
|
MARC
| LEADER | 00000nam a2200000 a 4500 | ||
|---|---|---|---|
| 001 | UCM9385 | ||
| 003 | CL-VaPUC | ||
| 008 | 030425e20010000MX |||||||||||||||||spa|d | ||
| 082 | 0 | 4 | |a 927.9145 |b KRE |2 21 |
| 100 | 0 | |a Kreutzberger Blumenfeld, Mario |e author |9 475863 | |
| 700 | 0 | |a Don Francisco |e author |9 475864 | |
| 245 | 1 | 0 | |a Entre la espada y la tv: autobiografía |
| 300 | |a 346 p | ||
| 942 | |c BK | ||
| 945 | |d 20030425 00:00:00 |a vberengu | ||
| 260 | |a Ciudad de México |b Grijalbo |c 2001 | ||
| 650 | 0 | |a Autobiografías |9 265171 | |
| 650 | 0 | |a Programas de televisión |9 335092 | |
| 650 | 0 | |a Animadores de televisión |9 475865 | |
| 583 | |a last modification |c 20030425 00:00:00 |k Rodrigo Vera | ||
| 999 | |c 303656 |d 303654 | ||
| 952 | |0 0 |1 0 |4 0 |6 927_914500000000000_KRE_2001 |7 0 |8 A |9 365121 |a BIBCUR |b BIBCUR |d 2019-11-21 |i 3888770 |o 927.9145 KRE 2001 |p 3888770 |r 2025-04-22 |w 2019-11-21 |y BK |k PER | ||